<?xml version='1.0' encoding='UTF-8'?>
  <record xmlns="http://www.loc.gov/MARC21/slim">
    <leader>00000cem a2200000 i 4500</leader>
    <controlfield tag="001">ocn980374989</controlfield>
    <controlfield tag="003">OCoLC</controlfield>
    <controlfield tag="005">20250606212448.4</controlfield>
    <controlfield tag="008">070801s1628    ne        a     0   dut d</controlfield>
    <datafield tag="040" ind1=" " ind2=" ">
      <subfield code="a">QGJ</subfield>
      <subfield code="b">dut</subfield>
      <subfield code="c">QGJ</subfield>
      <subfield code="d">OCLCQ</subfield>
      <subfield code="d">OCLCL</subfield>
      <subfield code="d">OCLCQ</subfield>
      <subfield code="d">OCLCL</subfield>
    </datafield>
    <datafield tag="035" ind1=" " ind2=" ">
      <subfield code="a">(OCoLC)980374989</subfield>
    </datafield>
    <datafield tag="041" ind1=" " ind2=" ">
      <subfield code="a">dut</subfield>
    </datafield>
    <datafield tag="082" ind1="1" ind2="4">
      <subfield code="a">912.492</subfield>
      <subfield code="q">OCoLC</subfield>
      <subfield code="2">14/eng/20230216</subfield>
      <subfield code="1">https://id.oclc.org/worldcat/ddc/E3wc89bYFGhqhfYc7HmHyBVJQD</subfield>
    </datafield>
    <datafield tag="084" ind1=" " ind2=" ">
      <subfield code="a">74.20</subfield>
      <subfield code="2">bcl</subfield>
    </datafield>
    <datafield tag="100" ind1="1" ind2=" ">
      <subfield code="a">Berckenrode, Balthasar Florisz. van,</subfield>
      <subfield code="d">ca. 1591-1646.</subfield>
      <subfield code="1">https://id.oclc.org/worldcat/entity/E39PBJhmJGF8TDtwxJydxTYXVC</subfield>
    </datafield>
    <datafield tag="245" ind1="1" ind2="0">
      <subfield code="a">Episcop. Ultraiectinus /</subfield>
      <subfield code="c">auct. Balthazaro Florentio a Berkenrode ; Evert Sijmonszoon Hamersveldt sculpsit.</subfield>
    </datafield>
    <datafield tag="246" ind1="1" ind2=" ">
      <subfield code="a">Episcopatus Ultrajectinus</subfield>
    </datafield>
    <datafield tag="255" ind1=" " ind2=" ">
      <subfield code="a">Schaal [ca. 1:115.000].</subfield>
    </datafield>
    <datafield tag="264" ind1=" " ind2="1">
      <subfield code="a">Amstelodami :</subfield>
      <subfield code="b">apud Henricum Hondium, sub insigno Atlantis., ao. 1628,</subfield>
      <subfield code="c">1628.</subfield>
    </datafield>
    <datafield tag="300" ind1=" " ind2=" ">
      <subfield code="a">1 krt. :</subfield>
      <subfield code="b">koperdiepdr., in kleur ;</subfield>
      <subfield code="c">38 x 49 cm</subfield>
    </datafield>
    <datafield tag="336" ind1=" " ind2=" ">
      <subfield code="a">cartografische afbeelding</subfield>
      <subfield code="b">cri</subfield>
      <subfield code="2">rdacontent/dut</subfield>
    </datafield>
    <datafield tag="337" ind1=" " ind2=" ">
      <subfield code="a">zonder medium</subfield>
      <subfield code="b">n</subfield>
      <subfield code="2">rdamedia/dut</subfield>
    </datafield>
    <datafield tag="338" ind1=" " ind2=" ">
      <subfield code="a">vel</subfield>
      <subfield code="b">nb</subfield>
      <subfield code="2">rdacarrier/dut</subfield>
    </datafield>
    <datafield tag="500" ind1=" " ind2=" ">
      <subfield code="a">Oorspr. verschenen in: [1.] Appendix [...]. - [Amsterdam] : per Iodocum Hondium, anno 1630; [2.] Atlantis maioris appendix [...]. - Amstelodami : sumptibus &amp; typis æneis Ioannis Ianzonii, 1630; [3.] Atlantis maioris appendix [...]. - Amstelodami : sumptibus &amp; typis æneis Henrici Hondii, 1631; [4.] Theatrum imperii Germanici [...]. - Amstelodami, : sumptibus &amp; typis æneis Ioannis Iansonii, 1632; [5.] Theatrum imperii Germanici [...]. - Amstelodami, : sumptibus &amp; typis æneis Henrici Hondii, [s.d.].</subfield>
    </datafield>
    <datafield tag="500" ind1=" " ind2=" ">
      <subfield code="a">Geen typografische tekst op de keerzijde.</subfield>
    </datafield>
    <datafield tag="562" ind1=" " ind2=" ">
      <subfield code="a">ex. *VIII*.B.h.27: ongekleurd.</subfield>
      <subfield code="5">NL-UtRU</subfield>
    </datafield>
    <datafield tag="650" ind1=" " ind2="7">
      <subfield code="a">Utrecht (bisdom)</subfield>
      <subfield code="0">(NL-LeOCL)078699738.</subfield>
      <subfield code="2">gtt</subfield>
    </datafield>
    <datafield tag="655" ind1=" " ind2="7">
      <subfield code="a">Kaarten (vorm)</subfield>
      <subfield code="0">(NL-LeOCL)088143554.</subfield>
      <subfield code="2">gtt</subfield>
    </datafield>
    <datafield tag="700" ind1="1" ind2=" ">
      <subfield code="a">Hamersveldt, Evert Symonszoon,</subfield>
      <subfield code="d">ca. 1591/92-1653.</subfield>
    </datafield>
    <datafield tag="936" ind1=" " ind2=" ">
      <subfield code="a">BATCHLOAD</subfield>
    </datafield>
  </record>